00668 2200253 4500001002100000005001500021035002000036008004100056082001800097090002000115245004200135260004500177300003900222650002600261850001200287985000600299999001500305007000300320084001800323500003000341040001700371041000800388990001800396INLIS00000000079428820180806093215 a0010-0818000168180806 j 0 eng 04223a398.20951 aL 398.20951 FOL aFolk tales from china :bfirst series3 aPeking :bForeign Languages Press,c1957 a146 halaman :billustrasi ;c21 cm 4aCerita Rakyat-- China aYOPDYOG a1 ab000005669ta a398.20951 FOL aTeks dalam bahasa Inggris aYOPDYOGbind0 aeng a38823-PD/A.08